Focus sur: Carc - Tolkien - Statistiques

Statistiques générales
  • Ce quiz a été pris 17 fois
  • Le résultat moyen est 4 sur 6
Statistiques - réponses
Informations recherchées Réponses % Correct
Première mention Le Hobbit
100%
Age durant lequel il vécut Troisième
92%
Espèce Corbeau
77%
"Cité" Montcorbeau
62%
Région Rhovanion
38%
Fils Roäc
23%
Aucun quiz correspondant
Distribution des résultats
% des personnes avec chaque résultat
Percentile par nombre de réponses
Votre historique - résultats
Vous n’avez pas pris ce quiz